[Event "Uralsk op"]
[Site "Uralsk"]
[Date "2023.07.26"]
[Round "7"]
[White "Onoglu, Ali"]
[Black "Kambar, Ersultan"]
[Result "0-1"]
[WhiteElo "1448"]
[BlackElo "1425"]
[PlyCount "48"]
[EventDate "2023.07.21"]
[EventType "swiss"]
[EventRounds "9"]
[EventCountry "KAZ"]
[SourceTitle "EXT 2024"]
[Source "ChessBase"]
[SourceDate "2023.10.10"]
[SourceVersion "1"]
[SourceVersionDate "2023.10.10"]
[SourceQuality "1"]

1. e4 c5 2. Nf3 g6 3. c3 d5 4. exd5 Qxd5 5. d4 Bg7 6. Be3 cxd4 7. cxd4 Qa5+ 8. Nc3 Nh6 9. Qd2 Nf5 10. Nb5 Qb6 11. Bf4 Na6 12. 0-0-0 0-0 13. Kb1 Be6 14. g4 Nd6 15. Nxd6 exd6 16. Rg1 Rac8 17. Bxa6 bxa6 18. Bh6 Bd5 19. Bxg7 Be4+ 20. Ka1 Rc2 21. Qxc2 Bxc2 22. Bxf8 Bxd1 23. Rxd1 Kxf8 24. a3 Qb3 0-1